| 000 | 00509cam a2200205ua 4500 | ||
|---|---|---|---|
| 020 | _c3808.48 | ||
| 041 |
_aeng _h |
||
| 082 |
_a003.36 _bDRI/IN |
||
| 100 | _aDriankov, D . | ||
| 245 |
_aIntroduction to fuzzy control / _cD.Driankov. _hTextual Documents |
||
| 250 |
_a2 / _b. |
||
| 260 |
_aNew York : _bSpringer Verlag , _c1996. |
||
| 300 | _a316 ; . | ||
| 365 | _a3808.48 | ||
| 504 | _a | ||
| 700 | 1 | _aHellendoorn, H . | |
| 700 | 1 | _aReinfrank, M . | |
| 942 | _cBK | ||
| 999 |
_c11295 _d11295 |
||